Produktionsstruktur und umfassende Intesivierung

Uložené v:
Podrobná bibliografia
Hlavný autor: Steinitz, Klaus
Médium: Kniha
Jazyk:German
Vydavateľské údaje: Berlin Wirtschaft 1989
Vydanie:1. Aufl.
Tagy: Pridať tag
Žiadne tagy, Buďte prvý, kto otaguje tento záznam!

MARC

LEADER 00000nam a2200000 4500
001 c031879
005 20250701095346.9
041 0 |a ger 
044 |a DE 
245 1 0 |a Produktionsstruktur und umfassende Intesivierung  |c Klaus Steinitz 
250 |a 1. Aufl. 
264 1 |a Berlin  |b Wirtschaft  |c 1989 
300 |a 272 s. 
100 1 |a Steinitz, Klaus